000 00618nam a2200181Ia 4500
008 090630s9999 xx 000 0 und d
082 _b14739
100 _aरायकर प्रतिभा.
245 _aसहज जिंकी मना.
_cरायकर प्रतिभा.
260 _bप्रिया.
_c1989
300 _a195
600 _aरायकर प्रतिभा.
630 _aसहज जिंकी मना.
655 _aकादंबरी.
700 _aरायकर प्रतिभा.
730 _aसहज जिंकी मना.
942 _cBOOK
999 _c266595
_d266595